Real exchange rate response to capital flows in Mexico an empirical analysis

Uložené v:
Podrobná bibliografia
Hlavný autor: Dabós, Marcelo
Ďalší autori: Juan-Ramon, V. Hugo
Médium: Kniha
Jazyk:English
Vydavateľské údaje: Washington International Monetary Fund 2000
Edícia:IMF Working Paper WP/00/108
Predmet:
Tagy: Pridať tag
Žiadne tagy, Buďte prvý, kto otaguje tento záznam!

MARC

LEADER 00000nam a2200000 4500
001 c124307
005 20221221083424.5
041 0 |a eng 
044 |a US 
245 1 0 |a Real exchange rate response to capital flows in Mexico  |b an empirical analysis  |c Marcelo Dabós and V. Hugo Juan-Ramón 
264 1 |a Washington  |b International Monetary Fund  |c 2000 
300 |a 33 s. 
490 1 |a IMF Working Paper  |v WP/00/108 
830 0 |a IMF Working Paper  |v WP/00/108 
610 2 0 |a trh kapitálový 
610 2 0 |a kurz výmenný 
610 2 0 |a produktivita 
610 2 0 |a modely rovnováhy 
610 2 0 |a Mexiko 
100 1 |a Dabós, Marcelo 
700 1 |a Juan-Ramon, V. Hugo